Teoretické očakávania a skutočné výstupy volebných systémov: Ako merať veľkosť deviácie?

Rôzne prístupy pri vysvetľovaní vplyvov volebných systémov. Vplyv volebnej mechaniky, súčasnej politiky a politickej kultúry na volebné systémy. Nedostatky súčasných konceptuálnych rámcov. Index na meranie deviácii volebných systémov od teoretických očakávaní.

Saved in:
Bibliographic Details
Main Author: Nemčok, Miroslav
Other Authors: Šedo, Jakub
Format: Book Chapter
Language:Slovak
Subjects:
Tags: Add Tag
No Tags, Be the first to tag this record!

MARC

LEADER 00000nla a2200000 4500
001 0245660
005 20240108073355.2
041 0 |a slo 
044 |a CZ 
245 1 0 |a Teoretické očakávania a skutočné výstupy volebných systémov: Ako merať veľkosť deviácie?  |c Miroslav Nemčok, Jakub Šedo 
520 |a Rôzne prístupy pri vysvetľovaní vplyvov volebných systémov. Vplyv volebnej mechaniky, súčasnej politiky a politickej kultúry na volebné systémy. Nedostatky súčasných konceptuálnych rámcov. Index na meranie deviácii volebných systémov od teoretických očakávaní. 
610 2 0 |a voľby 
610 2 0 |a systémy politické 
610 2 0 |a politológia 
610 2 0 |a sociológia 
100 1 |a Nemčok, Miroslav 
700 1 |a Šedo, Jakub